<?xml version="1.0" encoding="UTF-8"?>
<collection xmlns="http://www.loc.gov/MARC21/slim">
 <record>
  <leader>00379nam  2200133#c 4500</leader>
  <controlfield tag="001">LC-9002</controlfield>
  <controlfield tag="003">UMA</controlfield>
  <controlfield tag="005">20230415    212454</controlfield>
  <controlfield tag="008">230415suuuu####   ##########||||#0#spa#d</controlfield>
  <datafield tag="336" ind1=" " ind2=" ">
   <subfield code="a">texto</subfield>
  </datafield>
  <datafield tag="337" ind1=" " ind2=" ">
   <subfield code="a">no mediado</subfield>
  </datafield>
  <datafield tag="338" ind1=" " ind2=" ">
   <subfield code="a">volumen</subfield>
  </datafield>
  <datafield tag="245" ind1=" " ind2=" ">
   <subfield code="a">Descripción morfométrica de caracoles del género Lymnaea provenientes del Canal de Beagle, Tierra del Fuego</subfield>
  </datafield>
  <datafield tag="100" ind1=" " ind2=" ">
   <subfield code="a">Cuervo, Pablo F.</subfield>
  </datafield>
 </record>
</collection>
